Normal view
MARC view
- Nguyen, Hoach The.
Entry Personal Name
001 - CONTROL NUMBER
- control field: 52308
003 - CONTROL NUMBER IDENTIFIER
- control field: OSt
005 - DATE AND TIME OF LATEST TRANSACTION
- control field: 20240214084944.0
008 - FIXED-LENGTH DATA ELEMENTS
- fixed length control field: 240214|| aca||aabn | a|a d
040 ## - CATALOGING SOURCE
- Original cataloging agency: OSt
- Transcribing agency: OSt
100 ## - HEADING--PERSONAL NAME
- Personal name: Nguyen, Hoach The.
- Relator term: author.
670 ## - SOURCE DATA FOUND
- Source citation: Work cat.: (OSt): Nguyen, Hoach The. author., Review map of comparative designs for wireless high-power transfer systems in EV applications:, April 2022.
